| 000 | 00601nas a2200217 i 4500 | ||
|---|---|---|---|
| 001 | 182890 | ||
| 003 | ES-MaACL | ||
| 005 | 20250809062542.0 | ||
| 008 | 131126d1880 it a| | ||ta d | ||
| 022 | _a1126-5566 | ||
| 080 | _a331.312 | ||
| 080 | _a343 | ||
| 245 | 0 | 0 | _aStatistica giudiziaria civile e commerciale. |
| 260 |
_aRoma : _bDirezione Generale della Statistica, _c1880- ( _fTip. Nazionale di G. Bertero) |
||
| 300 |
_a5 v. ; _c25 cm. |
||
| 310 | _aAnual | ||
| 650 | 0 | 7 |
_aDerecho _2embne _911602 |
| 852 |
_aES-MaACL _jC-12816-20 |
||
| 866 | 0 | _o1890-1907. | |
| 999 |
_c182890 _d182890 |
||